Les musiques les plus écoutées par les français en 2023 - Statistiques

Statistiques générales
  • Ce quiz a été pris 76 fois
  • Le résultat moyen est 5 sur 10
Statistiques - réponses
Artistes Titres % Correct
Miley Cyrus (113,9 millions de streams) Flowers
72%
SDM (101 millions de streams) Bolide Allemand
70%
Jungeli (77,8 millions de streams) Petit Génie
64%
Tiakola (81,5 millions de streams) Meuda
61%
Soolking & Gazo (72,9 millions de streams) Casanova
48%
Rema (80 millions de streams) Calm Down
38%
Heuss L'enfoiré & Gazo (74,5 millions de streams) Saiyan
32%
Gaulois & Ninho (81,3 millions de streams) Jolie
29%
SDM (61,8 millions de streams) Mr. Ocho
25%
Ayra Starr (64,4 millions de streams) Rush
20%
Aucun quiz correspondant
Distribution des résultats
% des personnes avec chaque résultat
Percentile par nombre de réponses
Votre historique - résultats
Vous n’avez pas pris ce quiz